| 000 | 00944nam a2200265 a 4500 | ||
|---|---|---|---|
| 001 | 000028885 | ||
| 003 | DO-SdBNP | ||
| 005 | 20180213130208.0 | ||
| 007 | 000028885 | ||
| 008 | 100813n 19uu rd 000 | spa d | ||
| 040 |
_aBPMET _bspa _cBPMET |
||
| 092 |
_axxxx _bH519C |
||
| 100 | 1 | _aCastagnino, Raúl Héctor | |
| 245 | 1 | 0 |
_aPedro Henríquez Ureña humanista americano / _cRaúl Héctor Castagnino ; prólogo de Mariano Lebrón Saviñón. |
| 260 |
_aSanto Domingo : _bComisión Organizadora Permanente de la Feria Nacional del Libro, _c[190?]. |
||
| 300 |
_a12 p. ; _c21 cm. |
||
| 500 | _aIncluye notas al pie de las páginas. | ||
| 700 | 1 |
_aLebrón Saviñón, Mariano, _epról. |
|
| 930 | 1 |
_lBND01 _mLF1 _820110414 _f04 _pCT _g21800 |
|
| 942 |
_2ddc _cBK |
||
| 945 | _ainventariado, 2018 / dg | ||
| 956 |
_aIGARCIA _b10 _c20110412 _lBND01 _h1340 |
||
| 956 |
_aWMENDOZA _b10 _c20110414 _lBND01 _h0900 |
||
| 956 |
_aVMATEO _b10 _c20150512 _lBMET02 _h00151 |
||
| 999 |
_c7869 _d7869 |
||